The Substance of Yogavasishtha: (Record no. 216013)

MARC details
000 -LEADER
fixed length control field 00604nam a22001937a 4500
005 - DATE AND TIME OF LATEST TRANSACTION
control field 20260428123321.0
010 ## - LCCN (DPL NO)
LC control number ENG-147648
020 ## - INTERNATIONAL STANDARD BOOK NUMBER
International Standard Book Number 9789355292995
Terms of availability 495.00
035 ## - SYSTEM CONTROL NUMBER
System control number EN-131180
037 ## - SOURCE OF ACQUISITION
Source of stock number/acquisition DBAD
082 ## - DEWEY DECIMAL CLASSIFICATION NUMBER
Classification number 235.4
Edition number 1
100 ## - MAIN ENTRY--PERSONAL NAME
Personal name Kuppuswamy, B.
245 ## - TITLE STATEMENT
Title The Substance of Yogavasishtha:
Remainder of title A Sufi World Initiative/
Statement of responsibility, etc B. Kuppuswamy
250 ## - EDITION STATEMENT
Edition statement 1
260 ## - PUBLICATION, DISTRIBUTION, ETC. (IMPRINT)
Place of publication, distribution, etc New Delhi
Name of publisher, distributor, etc Authors Press
Date of publication, distribution, etc 2022
270 ## - ADDRESS
Address Q-2A Hauz Khas Enclave
City New Delhi
Postal code 110016
Telephone number 9818049852
Electronic mail address authorspressgroup@gmail.com
300 ## - PHYSICAL DESCRIPTION
Extent 290p.
Dimensions 22cm(pb)
942 ## - ADDED ENTRY ELEMENTS (KOHA)
Source of classification or shelving scheme Dewey Decimal Classification
Item type English Books
Classification part 235.4
Call number suffix KUP
Holdings
Withdrawn status Lost status Not for loan Collection code Home library Current library Date acquired Source of acquisition Cost, normal purchase price Full call number Barcode Copy number Cost, replacement price Koha item type
      Non-fiction Sarojini Nagar Sarojini Nagar 28/04/2026 Delivery of Books Act Division 495.00 235.4 KUP EN-131180 1 495.00 English Books

© Delhi Public Library
Hit Counter
free hit counter